|
|
|
|
| LEADER |
00717cam a2200205 a 4500 |
| 001 |
c000227224 |
| 003 |
CARM |
| 005 |
20061206084440.0 |
| 008 |
770411s1983 enk 000 1 eng d |
| 019 |
1 |
|
|a 2676939
|z 41358762
|5 LACONCORD2021
|
| 020 |
|
|
|a 0263741249
|
| 035 |
|
|
|a (OCoLC)9730535
|5 LACONCORD2021
|
| 040 |
|
|
|a VCAV
|c VCAV
|
| 100 |
1 |
|
|a Rome, Margaret.
|
| 245 |
1 |
0 |
|a Lord of the land /
|c Margaret Rome.
|
| 260 |
|
|
|a London :
|b Mills & Boon,
|c 1983.
|
| 300 |
|
|
|a 192 p. ;
|c 18 cm.
|
| 852 |
8 |
|
|b CARM
|h A2:AP35A0
|i A04029
|p 0342764
|f BK
|
| 999 |
f |
f |
|i 8faae4f1-d012-52a4-9361-9edf3ca0f4ca
|s 75a69574-5d39-5683-99bb-defd0ab9548e
|
| 952 |
f |
f |
|p Can circulate
|a CAVAL
|b CAVAL
|c CAVAL
|d CARM 1 Store
|e A04029
|f A2:AP35A0
|h Other scheme
|i book
|m 0342764
|